The Blond Box (Запис № 282313)

МАРК-запис
000 -Лідер
fixed length control field 01522nam a22002537a 4500
001 - Контрольний номер
control field 2162214035926686
003 - Ідентифікатор контрольного номера
control field UA-OsUOA
005 - Дата та час останнього входження (трансакції)
control field 20260319123110.0
008 - Елементи даних фіксованої довжини – загальна інформація
fixed length control field 260319b -usa|||| |||| 00| f eng d
020 ## - Міжнародний стандартний книжковий номер (ISBN)
Міжнародний стандартний книжковий номер (ISBN) (НП) 9781573661104
040 ## - Джерело каталогізації
Агенція оригінальної каталогізації UA-OsUOA
Мова каталогізації eng
Агенція, яка здійснювала перезапис UA-OsUOA
Агенція, яка здійснювала модифікацію UA-OsUOA
041 ## - Код мови
Код мови тексту/ звукової доріжки чи окремого заголовка (П) eng
080 ## - Індекс Універсальної десяткової класифікації
Індекс Універсальної десяткової класифікації (УДК) (НП) 821.111(73)
090 ## - Локальний шифр розміщення
Класифікаційний індекс УДК 821.111(73)
Авторський знак (НП) O-50
100 ## - Основне введення – ім’я особи
Ім’я особи (НП) Olson T.
9 (RLIN) 24536
245 ## - Відомості про назву
Назва (НП) The Blond Box
Дані про відповідальність (НП) Toby Olson
250 ## - Відомості про видання (редакцію)
Відомості про видання (редакцію) (НП) First Edition
260 ## - Публікація, розповсюдження і т.п. (Вихідні дані)
Місце публікації, розповсюдження і т.п. (П) Tallahassee
Ім’я/ наймення видавництва, розповсюджувача і т.п. (П) FC2
Дата публікації, розповсюдження і т.п. (П) 2003
300 ## - Фізичний опис
Обсяг 287 p.
520 ## - Резюме і т.п.
Резюме, реферат, анотація, тощо (НП) El Malabarista, pianist and juggler for a troupe of sexual performance artists, is found dead in the dusty wilderness, his fingers crushed. Beginning like a murder mystery, The Blond Box then defies all the usual expectations of a murder mystery plot, by juxtaposing "real" events in two different decades with a draft version of a hack sci-fi novella. This mixed narrative serves as a meta-fictional commentary on the efforts of a retired sex-theater artist, a hairstylist/pulp writer, a doctoral student, and a host of other characters to, not only solve the murder, but uncover its motivation, which seems to be linked to El Malabaristas knowledge of the whereabouts of a certain boxed treasure. By turns lyrical and scatological, puerile and cerebral, The Blond Box is at once a daring formal experiment and a good yarn.
650 ## - Додаткове предметне введення – тематичний термін
Тематичний термін чи географічна назва, як елемент введення (НП) 821 Художня література окремими мовами і мовними сім'ями
9 (RLIN) 17
942 ## - Додаткові елементи входу (Коха)
Тип елемента Koha Книги
Source of classification or shelving scheme Universal Decimal Classification
955 ## - Код типу видання за змістом
Код типу видання за змістом (НП) Літературно-художні видання
Фонди
Стан вилучень Стан втрат Джерело класифікації або схеми стелажів Стан уражень Не для кредиту Постійне місце розташування Поточне розміщення Дата придбання Джерело придбання Вартість, звичайна ціна покупки Усього замовленно Повний номер виклику Штрих-код Дата останнього перегляду Вартість, ціна заміни Ціна ефективна від Тип елемента Koha
    Universal Decimal Classification     ВІЛ - Відділ іноземн. літератури НБ ВІЛ - Відділ іноземн. літератури НБ 08/08/2005 Акт № 5\05 2.00   821.111(73) O-50 209802 23/11/2021 2.00 26/12/2005 Книги